[Event "Caracas Hernandez Cup"]
[Site "Caracas"]
[Date "2014.10.11"]
[Round "6"]
[White "Medina Cruzata, Jose Miguel"]
[Black "Gascon del Nogal, Jose Rafael"]
[Result "0-1"]
[WhiteElo "2295"]
[BlackElo "2351"]
[PlyCount "106"]
[EventDate "2014.10.08"]
[EventType "swiss"]
[EventRounds "9"]
[EventCountry "VEN"]
[SourceTitle "EXT 2016"]
[Source "ChessBase"]
[SourceDate "2015.10.08"]
[SourceVersion "1"]
[SourceVersionDate "2015.10.08"]
[SourceQuality "1"]

1. d4 Nf6 2. c4 g6 3. Nc3 Bg7 4. e4 d6 5. Be2 0-0 6. Nf3 e5 7. Be3 Nbd7 8. 0-0 Re8 9. dxe5 dxe5 10. Qc2 c6 11. Rfd1 Qe7 12. Nd2 Nc5 13. Nb3 Ne6 14. Rd2 h5 15. h3 Qf8 16. Rdd1 Bh6 17. Qc1 Bxe3 18. Qxe3 Nd7 19. Rd2 Ndc5 20. Nxc5 Qxc5 21. Qxc5 Nxc5 22. Bf1 a5 23. Rad1 Kf8 24. f3 Ke7 25. Kf2 Be6 26. Ke3 Rec8 27. Rc1 b6 28. b3 Rd8 29. Rcd1 Rxd2 30. Rxd2 f5 31. exf5 gxf5 32. f4 Rg8 33. Ne2 e4 34. Nd4 Rg3+ 35. Kf2 e3+ 36. Kxg3 exd2 37. Be2 Ne4+ 38. Kh4 Nc3 39. Bxh5 c5 40. Nxe6 Kxe6 41. Kg5 a4 42. bxa4 d1Q 43. Bxd1 Nxd1 44. h4 Ne3 45. h5 Nxc4 46. g4 Nd6 47. gxf5+ Nxf5 48. Kg4 c4 49. Kf3 Kd5 50. Ke2 Kc5 51. a3 Kd4 52. Kd2 c3+ 53. Ke2 Kc4 0-1

[Event "Caracas Hernandez Cup"]
[Site "Caracas"]
[Date "2014.10.08"]
[Round "1"]
[White "Medina Cruzata, Jose Miguel"]
[Black "Pautt Andrade, Jose Gregorio"]
[Result "0-1"]
[WhiteElo "2295"]
[BlackElo "2109"]
[PlyCount "75"]
[EventDate "2014.10.08"]
[EventType "swiss"]
[EventRounds "9"]
[EventCountry "VEN"]
[SourceTitle "EXT 2016"]
[Source "ChessBase"]
[SourceDate "2015.10.08"]
[SourceVersion "1"]
[SourceVersionDate "2015.10.08"]
[SourceQuality "1"]

1. d4 d5 2. c4 c6 3. Nf3 Nf6 4. Nc3 dxc4 5. a4 Na6 6. Ne5 Nb4 7. e4 Qxd4 8. Qxd4 Nc2+ 9. Kd1 Nxd4 10. Bxc4 Be6 11. Bxe6 Nxe6 12. Be3 Nc7 13. Kc2 e6 14. Rad1 Na6 15. f3 Bc5 16. Bg5 Be7 17. Nc4 h6 18. Bh4 g5 19. Bf2 Bc5 20. Bg3 Ke7 21. Na5 Nb4+ 22. Kb3 b6 23. Nb7 Na6 24. Kc4 Nh5 25. Be5 Rhc8 26. Nxc5 Nxc5 27. Bd6+ Kf6 28. h4 Nb7 29. hxg5+ Kxg5 30. e5 Kg6 31. Rd4 f5 32. g4 Ng7 33. Be7 Rc7 34. Bf6 Ne8 35. gxf5+ exf5 36. Rdh4 Rh7 37. Ne2 Kf7 38. Nf4 0-1

[Event "San Cristobal Bolivar op 1st"]
[Site "San Cristobal"]
[Date "2012.09.30"]
[Round "10"]
[White "Medina Cruzata, Jose Miguel"]
[Black "Diaz, Juan Carlos"]
[Result "1-0"]
[WhiteElo "2287"]
[BlackElo "2134"]
[PlyCount "57"]
[EventDate "2012.09.25"]
[EventType "swiss"]
[EventRounds "10"]
[EventCountry "VEN"]
[SourceTitle "EXT 2013"]
[Source "ChessBase"]
[SourceDate "2012.11.22"]
[SourceVersion "1"]
[SourceVersionDate "2012.11.22"]
[SourceQuality "1"]

1. d4 Nf6 2. c4 g6 3. Nc3 Bg7 4. e4 d6 5. Be2 0-0 6. Nf3 e5 7. 0-0 Nc6 8. d5 Ne7 9. Ne1 Ne8 10. Nd3 f5 11. Bd2 Nf6 12. f3 f4 13. c5 g5 14. Rc1 h5 15. cxd6 cxd6 16. Nf2 Rf7 17. Nb5 Ng6 18. Qc2 Ne8 19. Qb3 Bf8 20. Rc2 Rg7 21. a4 g4 22. fxg4 Nh4 23. h3 Nf6 24. Be1 Bd7 25. Nc7 Bxg4 26. Nxg4 Nxg4 27. Ne6 Qf6 28. Nxg7 Ne3 29. Qxe3 1-0

[Event "San Cristobal Bolivar op 1st"]
[Site "San Cristobal"]
[Date "2012.09.27"]
[Round "4"]
[White "Medina Cruzata, Jose Miguel"]
[Black "Marquez Rueda, Benjamin"]
[Result "1-0"]
[WhiteElo "2287"]
[BlackElo "2083"]
[PlyCount "69"]
[EventDate "2012.09.25"]
[EventType "swiss"]
[EventRounds "10"]
[EventCountry "VEN"]
[SourceTitle "EXT 2013"]
[Source "ChessBase"]
[SourceDate "2012.11.22"]
[SourceVersion "1"]
[SourceVersionDate "2012.11.22"]
[SourceQuality "1"]

1. d4 d5 2. c4 e6 3. Nf3 Nf6 4. Nc3 Nbd7 5. Bg5 c6 6. e3 Qa5 7. Nd2 Bb4 8. Qc2 0-0 9. Bxf6 Nxf6 10. Bd3 c5 11. 0-0 cxd4 12. Nb3 Qc7 13. Nb5 Qe5 14. exd4 Qh5 15. c5 b6 16. a3 Ba5 17. Nxa5 bxa5 18. Rfe1 Ba6 19. a4 Rab8 20. Qd2 Qh4 21. g3 Qh3 22. f3 h5 23. Bf1 Qf5 24. Nd6 Qg6 25. Bxa6 h4 26. Bd3 Rxb2 27. Qc3 Ne4 28. Bxe4 dxe4 29. Qxb2 hxg3 30. fxe4 gxh2+ 31. Kh1 Qh5 32. Rf1 g5 33. Rf6 g4 34. Qxh2 Qg5 35. Qh6 1-0